000 00639nam a2200193 a 4500
001 000008715
005 20240305073652.0
008 090918s1948 ck 001 0 spa d
040 _aDO-SdBNP
082 _axxx
_bR696r
100 1 _aRodríguez Demorizi, Emilio,
_d1908-1986
_91039
245 1 0 _aRubén Darío y sus amigos dominicanos /
_cEmilio Rodríguez Demorizi.
260 _aBogotá :
_bEdiciones Espiral Colombia,
_c1948.
300 _a284 p. ;
_c27 cm.
500 _aIncluye índice
500 _aIncluye notas al pie de las páginas
500 _aIncluye datos biográficos del autor en la solapa de la cubierta
049 _aBNPD
999 _c8485
_d8485